000 00264nam a2200121Ia 4500
008 240624s9999 xx 000 0 und d
041 _aeng
082 _a891.43 PAR
100 _aPARSAI HARISHANKAR
245 _aKAHAT KABEER
260 _c2016
365 _cRS
_b20
999 _c30890
_d30890